Το πάθος για τα άστρα το 17ο αιώνα : από την αστρολογία στην αστρονομία
Αποθηκεύτηκε σε:
| Κύριος συγγραφέας: | |
|---|---|
| Μορφή: | Βιβλίο |
| Γλώσσα: | Greek French |
| Δημοσίευση: |
Αθήνα :
Παπαδήμας,
2001
|
| Θέματα: | |
| Ετικέτες: |
Προσθήκη ετικέτας
Δεν υπάρχουν, Καταχωρήστε ετικέτα πρώτοι!
|
MARC
| LEADER | 00000nam a2200000 i 4500 | ||
|---|---|---|---|
| 001 | 1/20404 | ||
| 008 | 051208s2001 gre d | ||
| 020 | |a 960-206-497-8 | ||
| 035 | |l 10081606 | ||
| 040 | |a GR-MY-UA |b gre |e aacr | ||
| 041 | 1 | |a gre |h fre | |
| 082 | 0 | |a 520.9 |2 (22) | |
| 100 | 1 | |a Grenet, Micheline. | |
| 245 | 1 | 3 | |a Το πάθος για τα άστρα το 17ο αιώνα : |b από την αστρολογία στην αστρονομία / |c Micheline Grenet |
| 260 | |a Αθήνα : |b Παπαδήμας, |c 2001 | ||
| 300 | |a 384 σ. |b εικ. | ||
| 500 | |a La passion des astres au XVIIe siecle | ||
| 500 | |a Με 14 εικόνες εκτός κειμένου | ||
| 650 | 0 | 0 | |a Astronomy |x History |y 17th century. |
| 650 | 0 | 0 | |a Astrology |x History |y 17th century. |
| 852 | |a INST |b SYROS |e 20051208 |h 520.9 GRE |p 005500005061 |q 005500005061 |t BK |y 0 | ||
| 901 | |a BIBL5-2005-3 | ||
| 909 | |a Ε |b 117195 | ||
| 922 | |a 5ΕΛΗ |b 200511 |c ΒΙΒΛΙΟΘΗΚΗ ΣΥΡΟΥ |d ΣΕΛΕΦΑΙΣ | ||
| 970 | |a ΤΣΟΥΚΑΛΑ |b ΑΛΙΚΗ |z 2005/12/08 | ||